| 000 | 005970000a22001810004500 | ||
|---|---|---|---|
| 003 | MACL | ||
| 005 | 20160409135827.0 | ||
| 008 | 160409b xxu||||| |||| 00| 0 eng d | ||
| 040 |
_aMACL _cMACL |
||
| 041 | _aHindi | ||
| 082 | _a510 | ||
| 100 |
_aतृप्ति बंघोपाध्याय _951356 |
||
| 245 | _aगणित जिज्ञासा प्रश्नोत्तरी | ||
| 260 |
_bविज्ञान शिक्षण केन्द्र _c2006 _aदिल्ली |
||
| 350 | _a175 | ||
| 650 |
_aMathematics _95682 |
||
| 942 |
_cHIN _k510 _2ddc |
||
| 999 |
_c18354 _d18354 |
||